000 00653nam a22002055i 4500
001 48065
003 ES-MaACL
005 20240523123542.0
007 t|
008 950206s1884 sp ||||1| spa d
040 _aCLM
_bspa
_cCCPB | PA2
100 1 _aCuesta y Sánchez, Patricio.
_942071
245 1 3 _aLa cárcel de Madrid /
_cpor Patricio Cuesta y Sanchez.
260 _aMadrid :
_b[s.n.],
_c1884 (
_fTipografía de Manuel G. Hernández)
300 _a256, [6] h. de lám. ;
_c23 cm.
500 _aApéndices : pp. 185-[257]
852 _aES-MaACL
_jR-3304
_949886
_cDEPO
_dOlim: G-6100
942 _2udc
999 _c48065
_d48065